<?xml version="1.0" encoding="UTF-8"?>
<record
    xmlns:xsi="http://www.w3.org/2001/XMLSchema-instance"
    xsi:schemaLocation="http://www.loc.gov/MARC21/slim http://www.loc.gov/standards/marcxml/schema/MARC21slim.xsd"
    xmlns="http://www.loc.gov/MARC21/slim">

  <leader>00366nam a2200157Ia 4500</leader>
  <controlfield tag="005">20241115090013.0</controlfield>
  <controlfield tag="008">240126s9999    xx            000 0 und d</controlfield>
  <datafield tag="020" ind1=" " ind2=" ">
    <subfield code="a">9788131306895</subfield>
  </datafield>
  <datafield tag="082" ind1=" " ind2=" ">
    <subfield code="a">394.2  SIN;1</subfield>
  </datafield>
  <datafield tag="100" ind1=" " ind2=" ">
    <subfield code="a">Singh, Sita Ram.</subfield>
  </datafield>
  <datafield tag="245" ind1=" " ind2="0">
    <subfield code="a">Event management</subfield>
  </datafield>
  <datafield tag="260" ind1=" " ind2=" ">
    <subfield code="b">APH Pub.</subfield>
    <subfield code="a">New Delhi</subfield>
    <subfield code="c">2016</subfield>
  </datafield>
  <datafield tag="300" ind1=" " ind2=" ">
    <subfield code="a">255</subfield>
  </datafield>
  <datafield tag="440" ind1=" " ind2=" ">
    <subfield code="a">NULL</subfield>
  </datafield>
  <datafield tag="942" ind1=" " ind2=" ">
    <subfield code="c">PU</subfield>
  </datafield>
  <datafield tag="999" ind1=" " ind2=" ">
    <subfield code="c">282113</subfield>
    <subfield code="d">282113</subfield>
  </datafield>
  <datafield tag="952" ind1=" " ind2=" ">
    <subfield code="r">2024-04-02 00:00:00</subfield>
    <subfield code="l">1</subfield>
    <subfield code="o">394.2  SIN;1</subfield>
    <subfield code="p">PU7227</subfield>
    <subfield code="W">25</subfield>
    <subfield code="q">2021-01-23</subfield>
    <subfield code="h">(08/07/1905)</subfield>
    <subfield code="s">2024-04-02</subfield>
    <subfield code="v">112.50</subfield>
    <subfield code="w">2024-01-26</subfield>
    <subfield code="y">PU</subfield>
    <subfield code="1">0</subfield>
    <subfield code="4">0</subfield>
    <subfield code="7">0</subfield>
    <subfield code="8">HEM</subfield>
    <subfield code="0">0</subfield>
    <subfield code="K">BANG/2017/CRB/246</subfield>
    <subfield code="a">ML</subfield>
    <subfield code="b">ML</subfield>
    <subfield code="c">HM</subfield>
    <subfield code="d">2017-08-03</subfield>
    <subfield code="e">Intact Book House Pvt Ltd</subfield>
    <subfield code="g">150.00</subfield>
    <subfield code="E">HM</subfield>
    <subfield code="G">RS</subfield>
    <subfield code="F">1</subfield>
    <subfield code="V">37.5</subfield>
    <subfield code="U">Rupees</subfield>
  </datafield>
  <datafield tag="952" ind1=" " ind2=" ">
    <subfield code="r">2024-08-08 00:00:00</subfield>
    <subfield code="l">1</subfield>
    <subfield code="o">394.2  SIN;2</subfield>
    <subfield code="p">PU7228</subfield>
    <subfield code="W">25</subfield>
    <subfield code="h">(08/07/1905)</subfield>
    <subfield code="s">2024-04-02</subfield>
    <subfield code="v">112.50</subfield>
    <subfield code="w">2024-01-26</subfield>
    <subfield code="y">PU</subfield>
    <subfield code="1">0</subfield>
    <subfield code="4">0</subfield>
    <subfield code="7">0</subfield>
    <subfield code="8">HEM</subfield>
    <subfield code="0">0</subfield>
    <subfield code="K">BANG/2017/CRB/246</subfield>
    <subfield code="a">ML</subfield>
    <subfield code="b">ML</subfield>
    <subfield code="c">BHM</subfield>
    <subfield code="d">2017-08-03</subfield>
    <subfield code="e">Intact Book House Pvt Ltd</subfield>
    <subfield code="g">150.00</subfield>
    <subfield code="E">HM</subfield>
    <subfield code="G">RS</subfield>
    <subfield code="F">1</subfield>
    <subfield code="V">37.5</subfield>
    <subfield code="U">Rupees</subfield>
  </datafield>
  <datafield tag="952" ind1=" " ind2=" ">
    <subfield code="r">2024-01-26 00:00:00</subfield>
    <subfield code="l">0</subfield>
    <subfield code="o">394.2  SIN;3</subfield>
    <subfield code="p">PU7229</subfield>
    <subfield code="W">25</subfield>
    <subfield code="h">(08/07/1905)</subfield>
    <subfield code="v">112.50</subfield>
    <subfield code="w">2024-01-26</subfield>
    <subfield code="y">PU</subfield>
    <subfield code="1">0</subfield>
    <subfield code="4">0</subfield>
    <subfield code="7">0</subfield>
    <subfield code="8">HEM</subfield>
    <subfield code="0">0</subfield>
    <subfield code="K">BANG/2017/CRB/246</subfield>
    <subfield code="a">ML</subfield>
    <subfield code="b">ML</subfield>
    <subfield code="c">HM</subfield>
    <subfield code="d">2017-08-03</subfield>
    <subfield code="e">Intact Book House Pvt Ltd</subfield>
    <subfield code="g">150.00</subfield>
    <subfield code="E">HM</subfield>
    <subfield code="G">RS</subfield>
    <subfield code="F">1</subfield>
    <subfield code="V">37.5</subfield>
    <subfield code="U">Rupees</subfield>
  </datafield>
  <datafield tag="952" ind1=" " ind2=" ">
    <subfield code="r">2024-01-26 00:00:00</subfield>
    <subfield code="l">0</subfield>
    <subfield code="o">394.2  SIN;4</subfield>
    <subfield code="p">PU7230</subfield>
    <subfield code="W">25</subfield>
    <subfield code="h">(08/07/1905)</subfield>
    <subfield code="v">112.50</subfield>
    <subfield code="w">2024-01-26</subfield>
    <subfield code="y">PU</subfield>
    <subfield code="1">0</subfield>
    <subfield code="4">0</subfield>
    <subfield code="7">0</subfield>
    <subfield code="8">HEM</subfield>
    <subfield code="0">0</subfield>
    <subfield code="K">BANG/2017/CRB/246</subfield>
    <subfield code="a">ML</subfield>
    <subfield code="b">ML</subfield>
    <subfield code="c">HM</subfield>
    <subfield code="d">2017-08-03</subfield>
    <subfield code="e">Intact Book House Pvt Ltd</subfield>
    <subfield code="g">150.00</subfield>
    <subfield code="E">HM</subfield>
    <subfield code="G">RS</subfield>
    <subfield code="F">1</subfield>
    <subfield code="V">37.5</subfield>
    <subfield code="U">Rupees</subfield>
  </datafield>
  <datafield tag="952" ind1=" " ind2=" ">
    <subfield code="r">2024-01-26 00:00:00</subfield>
    <subfield code="l">0</subfield>
    <subfield code="o">394.2  SIN;5</subfield>
    <subfield code="p">PU7231</subfield>
    <subfield code="W">25</subfield>
    <subfield code="h">(08/07/1905)</subfield>
    <subfield code="v">112.50</subfield>
    <subfield code="w">2024-01-26</subfield>
    <subfield code="y">PU</subfield>
    <subfield code="1">0</subfield>
    <subfield code="4">0</subfield>
    <subfield code="7">0</subfield>
    <subfield code="8">HEM</subfield>
    <subfield code="0">0</subfield>
    <subfield code="K">BANG/2017/CRB/246</subfield>
    <subfield code="a">ML</subfield>
    <subfield code="b">ML</subfield>
    <subfield code="c">HM</subfield>
    <subfield code="d">2017-08-03</subfield>
    <subfield code="e">Intact Book House Pvt Ltd</subfield>
    <subfield code="g">150.00</subfield>
    <subfield code="E">HM</subfield>
    <subfield code="G">RS</subfield>
    <subfield code="F">1</subfield>
    <subfield code="V">37.5</subfield>
    <subfield code="U">Rupees</subfield>
  </datafield>
</record>
